[Event "XXV OOM - Mistrzostwa Polski Juniorow Mlodszych - Dziewczeta do lat 12"]
[Site "Sielpia"]
[Date "1899-12-30"]
[Round "8.13"]
[White "Gladyszewska, Kinga"]
[Black "Filipiak, Magdalena"]
[Result "1/2-1/2"]
[WhiteTitle "I"]
[BlackTitle "I"]
[WhiteElo "1261"]
[BlackElo "1181"]

1. d4 d5 2. c4 e6 3. Nc3 Nf6 4. cxd5 exd5 5. Bg5 Nbd7 6. e3 c6 7. Bd3 Bd6 8. Qc2
h6 9. Bh4 Qc7 10. Nge2 O-O 11. Bg3 Nb6 12. O-O Ng4 13. h3 Bxg3 14. Nxg3 Nxe3 15.
fxe3 Qxg3 16. Rf3 Qg5 17. Raf1 Be6 18. Qf2 Qe7 19. Bb1 Rae8 20. Qc2 g6 21. Rg3
Kh8 22. Qd2 Nc4 23. Qf2 Qh4 24. Kh2 Bd7 25. Qf3 Nd2 26. Qf6+ Qxf6 27. Rxf6 Ne4
28. Nxe4 dxe4 29. Bc2 Bf5 30. Bd1 Re6 31. Rxe6 Bxe6 32. b3 Kg7 33. Bg4 Bxg4 34.
Rxg4 g5 35. Rxe4 Kf6 36. Rg4 Re8 37. Rg3 Re4 38. Rf3+ Kg6 39. g4 f6 40. Kg2 Kf7
41. Kf2 b6 42. Ke2 Ke7 43. Kd3 Re6 44. a3 a6 45. Kc4 Kd6 46. b4 b5+ 47. Kd3 Kd5
48. Rf5+ Kd6 49. Ke4 1/2-1/2

[Event "XXV OOM - Mistrzostwa Polski Juniorow Mlodszych - Dziewczeta do lat 12"]
[Site "Sielpia"]
[Date "1899-12-30"]
[Round "8.14"]
[White "Nowak, Zuzanna"]
[Black "Giemza, Julia"]
[Result "1/2-1/2"]
[WhiteTitle "I"]
[BlackTitle "I"]
[WhiteElo "1081"]
[BlackElo "1244"]

1. e4 c5 2. c3 Nc6 3. d4 d5 4. exd5 Qxd5 5. Nf3 Bf5 6. Bd3 Bxd3 7. Qxd3 cxd4 8.
cxd4 Rc8 9. Nc3 Qd7 10. O-O e6 11. Bf4 Nf6 12. Rfe1 Be7 13. Rac1 O-O 14. h3 Rfd8
15. Red1 Nb4 16. Qd2 Nbd5 17. Nxd5 Nxd5 18. Bg3 Bb4 19. Qd3 h6 20. Ne5 Qe7 21.
Qe4 Bd6 22. Bh4 g5 23. Bg3 f5 24. Qe2 f4 25. Bh2 Bxe5 26. Qxe5 Qf6 27. Qe4 b6
28. Re1 Kg7 29. a3 Kf7 30. Qh7+ Qg7 31. Qe4 Qf6 32. Qh7+ Qg7 33. Qe4 Qf6 34. Qh7+
1/2-1/2

[Event "XXV OOM - Mistrzostwa Polski Juniorow Mlodszych - Dziewczeta do lat 12"]
[Site "Sielpia"]
[Date "1899-12-30"]
[Round "8.15"]
[White "Krzysztynska, Maria"]
[Black "Szewczuk, Aleksandra"]
[Result "0-1"]
[WhiteTitle "II"]
[BlackTitle "II+"]
[WhiteElo "1029"]
[BlackElo "1196"]

1. e4 e5 2. Nf3 Nf6 3. Nxe5 d6 4. Nxf7 Kxf7 5. Nc3 c6 6. Bc4+ Be6 7. Bxe6+ Kxe6
8. d4 Be7 9. Qf3 Kd7 10. Bf4 Kc8 11. d5 cxd5 12. exd5 Re8 13. O-O Qd7 14. a4 Qg4
15. Qe3 Bd8 16. Qd4 Bc7 17. Qd2 Na6 18. h3 Qd7 19. Rfd1 Ba5 20. Ra3 Kd8 21. Qd3
Nc5 22. Qg3 Bxc3 23. Qxc3 Rc8 24. Qd4 Re4 25. Qd2 Ke8 26. b3 Kf7 27. f3 Re7 28.
Bg5 Qf5 29. b4 Ncd7 30. c3 Nb6 31. Qc1 Nbxd5 32. Bd2 Nxb4 33. c4 Qc5+ 34. Be3
Qxc4 35. Qd2 d5 36. Bxa7 Re2 37. Qg5 Qc2 38. Raa1 Nc6 39. Rdc1 Qg6 40. Qxg6+ Kxg6
41. Bd4 Ra8 42. Bc3 d4 43. Be1 Nd5 44. a5 Nf4 45. a6 bxa6 46. Rxc6+ Kf7 47. Rd1
Rxg2+ 48. Kf1 Rg6 49. Rc7+ Ke6 50. Rxd4 Nd5 51. Rc6+ Ke5 52. Re4+ Kf5 53. Rc5
Rd8 54. Ba5 Rd7 55. Re8 Re6 56. Rf8+ Ke5 57. Bc3+ Kd6 58. Ra5 Nxc3 59. Rxa6+ Ke7
60. Raa8 Rf6 61. Rfe8+ Kf7 62. Rf8+ Kg6 63. h4 Rxf8 64. Rxf8 Rf7 65. Rc8 Nd5 66.
Rc6+ Rf6 67. Rc5 Ne3+ 68. Ke2 Nf5 69. f4 Nxh4 70. Rg5+ Kf7 71. Rg4 Ng6 72. Ke3
h5 73. Rg1 Nxf4 74. Rc1 g5 75. Rc7+ Kg6 76. Rc5 0-1

[Event "XXV OOM - Mistrzostwa Polski Juniorow Mlodszych - Dziewczeta do lat 12"]
[Site "Sielpia"]
[Date "1899-12-30"]
[Round "8.16"]
[White "Romejko, Jagoda"]
[Black "Janikowska, Wiktoria"]
[Result "1/2-1/2"]
[WhiteTitle "II+"]
[BlackTitle "I"]
[WhiteElo "1173"]
[BlackElo "1393"]

1. e4 c5 2. Nf3 g6 3. d4 cxd4 4. Nxd4 Nc6 5. c4 Nf6 6. Nc3 d6 7. Be2 Nxd4 8. Qxd4
Bg7 9. Qd1 O-O 10. O-O Be6 11. Be3 Qd7 12. Rc1 Rac8 13. b3 b6 14. f3 Qb7 15. Qd2
h5 16. Rfd1 Kh7 17. Nb5 Rfd8 18. Nd4 Bd7 19. Bg5 a6 20. Kf1 Rh8 21. Kg1 Rhe8 22.
Nc2 Be6 23. Nd4 Bd7 24. Nc2 Be6 25. Nd4 Bd7 26. Nc2 Be6 1/2-1/2

[Event "XXV OOM - Mistrzostwa Polski Juniorow Mlodszych - Dziewczeta do lat 12"]
[Site "Sielpia"]
[Date "1899-12-30"]
[Round "8.17"]
[White "Slusarczyk, Anna"]
[Black "Pniewska, Beata"]
[Result "1-0"]
[WhiteTitle "I"]
[BlackTitle "I"]
[WhiteElo "1347"]
[BlackElo "1176"]

1. d4 Nf6 2. c4 e6 3. Nf3 c5 4. Nc3 d5 5. cxd5 exd5 6. Bg5 Be6 7. Qb3 b6 8. Rd1
c4 9. Qb5+ Bd7 10. Bxf6 Qxf6 11. Qxd5 Qc6 12. e4 b5 13. Ne5 Qxd5 14. Nxd5 Na6
15. Nxd7 Kxd7 16. a4 bxa4 17. Bxc4 Nb4 18. Bb5+ Kd8 19. Nc3 a3 20. bxa3 Nc2+ 21.
Ke2 Nxa3 22. Bd3 Rb8 23. Nb1 Bb4 24. Nxa3 Bxa3 25. Rb1 Ke7 26. Ra1 Rb2+ 27. Ke3
Rb3 28. Rhb1 Rxb1 29. Rxb1 a5 30. Rb7+ Kf6 31. e5+ Ke6 32. Be4 Bc1+ 33. Kd3 a4
34. d5+ Kxe5 35. Rb1 Rc8 36. g3 a3 37. Rb6 Bb2 38. f4# 1-0

[Event "XXV OOM - Mistrzostwa Polski Juniorow Mlodszych - Dziewczeta do lat 12"]
[Site "Sielpia"]
[Date "1899-12-30"]
[Round "8.19"]
[White "Predkiewicz, Paulina"]
[Black "Banasiak, Adrianna"]
[Result "1/2-1/2"]
[WhiteTitle "II+"]
[BlackTitle "II+"]
[WhiteElo "1056"]
[BlackElo "1187"]

1. e4 c5 2. Nf3 Nc6 3. d4 cxd4 4. Nxd4 Nf6 5. Nc3 e5 6. Ndb5 d6 7. Bg5 a6 8. Na3
h6 9. Bh4 Be7 10. Nc4 b5 11. Ne3 O-O 12. Be2 Nd4 13. O-O Bb7 14. f3 Qb6 15. Kh1
Rfe8 16. Bxf6 Bxf6 17. Ncd5 Bxd5 18. Nxd5 Qd8 19. c3 Nxe2 20. Qxe2 Rb8 21. f4
exf4 22. Rxf4 Be5 23. Rf3 Qh4 24. Rh3 Qg5 25. Rf1 Rb7 26. Qf2 Rd8 27. Rf3 Rdd7
28. Rf5 Qg4 29. Qf3 Qxf3 30. R5xf3 f6 31. Re1 Kf7 32. Rd3 a5 33. a3 Ra7 34. h3
Rab7 35. Re2 Rd8 36. b4 a4 37. Rc2 Rc8 38. Ne3 Rbc7 39. Nd5 Rb7 40. Rd1 Rc4 41.
Re1 Bg3 42. Re3 Be5 43. Ree2 1/2-1/2

[Event "XXV OOM - Mistrzostwa Polski Juniorow Mlodszych - Dziewczeta do lat 12"]
[Site "Sielpia"]
[Date "1899-12-30"]
[Round "8.20"]
[White "Para, Aleksandra"]
[Black "Wiszniewska, Julia"]
[Result "1-0"]
[WhiteTitle "II+"]
[BlackTitle "I"]
[WhiteElo "1034"]
[BlackElo "1082"]

1. e4 c5 2. Nf3 d6 3. d4 cxd4 4. Nxd4 Nf6 5. Nc3 g6 6. Be3 Bg7 7. f3 O-O 8. Qd2
Nc6 9. Nb3 Bd7 10. O-O-O Rc8 11. Bh6 a6 12. Bxg7 Kxg7 13. g4 Qc7 14. h4 Ne5 15.
Nd4 Qb6 16. h5 Rc4 17. f4 Bxg4 18. fxe5 dxe5 19. Bxc4 Bxd1 20. Rxd1 exd4 21. h6+
Kg8 22. Qxd4 Qxd4 23. Rxd4 Rc8 24. e5 Ng4 25. Rxg4 Rc5 26. Rd4 Rc8 27. Rd7 Kf8
28. Bb3 b5 29. Ne4 f5 30. exf6 Ke8 31. Rxe7+ Kf8 32. Rxh7 Rc4 33. Bxc4 bxc4 34.
Rg7 c3 35. h7 cxb2+ 36. Kxb2 g5 37. h8=Q# 1-0

[Event "XXV OOM - Mistrzostwa Polski Juniorow Mlodszych - Dziewczeta do lat 12"]
[Site "Sielpia"]
[Date "1899-12-30"]
[Round "8.23"]
[White "Dallemura, Julia"]
[Black "Lewicka, Joanna"]
[Result "1-0"]
[WhiteTitle "I"]
[BlackTitle "II+"]
[WhiteElo "1200"]
[BlackElo "1189"]

1. e4 e5 2. Nf3 Nc6 3. Bb5 a6 4. Ba4 Nf6 5. d3 b5 6. Bb3 Bc5 7. c3 Bb6 8. Nbd2
d6 9. O-O O-O 10. h3 h6 11. Re1 Ne7 12. Nf1 Ng6 13. Ng3 Be6 14. Bc2 Qd7 15. Be3
Bxe3 16. Rxe3 Nf4 17. Nh2 Nh7 18. Ne2 f5 19. exf5 Rxf5 20. Bb3 Kh8 21. Bxe6 Qxe6
22. Nxf4 Rxf4 23. Rf3 Raf8 24. Qd2 Qg6 25. Rxf4 Rxf4 26. Qe3 Nf6 27. Rd1 Nd5 28.
Qa7 Ra4 29. Qa8+ Kh7 30. Qxd5 b4 31. Qb3 Qe8 32. cxb4 Qb5 33. a3 a5 34. Qc2 axb4
35. axb4 Rxb4 36. d4+ Kh8 37. dxe5 Qxe5 38. Qxc7 Rxb2 39. Qxd6 Qxd6 40. Rxd6 Rb1+
41. Nf1 Kg8 42. Rd7 Kh7 43. f3 Kg6 44. Kf2 Rb2+ 45. Rd2 Rxd2+ 46. Nxd2 Kf6 47.
Ne4+ Kg6 48. g4 Kf7 49. Kg3 g6 50. Kf4 Ke6 51. h4 Kf7 52. Ke5 Ke7 53. f4 Kf7 54.
Kd6 g5 55. hxg5 hxg5 56. Nxg5+ Kg6 57. f5+ Kf6 58. Ne4+ Kf7 59. g5 Kg7 60. f6+
Kf7 61. g6+ Kg8 62. g7 Kf7 63. g8=Q+ Kxg8 64. Ke7 Kh8 65. f7 Kh7 66. f8=Q 1-0

[Event "XXV OOM - Mistrzostwa Polski Juniorow Mlodszych - Dziewczeta do lat 12"]
[Site "Sielpia"]
[Date "1899-12-30"]
[Round "8.24"]
[White "Zapalowska, Wiktoria"]
[Black "Reszka, Barbara"]
[Result "0-1"]
[WhiteTitle "II"]
[BlackTitle "II"]
[WhiteElo "1102"]
[BlackElo "1157"]

1. e4 c5 2. Nf3 e6 3. d4 cxd4 4. Nxd4 a6 5. Nc3 b5 6. a3 Be7 7. g3 Bb7 8. Bg2 d6
9. O-O Qc7 10. Be3 Nd7 11. f3 Ngf6 12. Qd2 O-O 13. Rad1 Rac8 14. Rfe1 Ne5 15.
Rb1 Rfd8 16. Qf2 Nc4 17. Kh1 Nxe3 18. Qxe3 Nd7 19. f4 Qc5 20. Nb3 Qxe3 21. Rxe3
Re8 22. Rd1 Nc5 23. Nxc5 Rxc5 24. Kg1 Bf8 25. Kf1 g6 26. Rd2 Re7 27. Kg1 e5 28.
fxe5 Bh6 29. Ree2 Bxd2 30. Rxd2 dxe5 31. Rd8+ Kg7 32. Nd5 Bxd5 33. exd5 Kh6 34.
d6 Ra7 35. Bh3 f5 36. g4 fxg4 37. Bxg4 Rxc2 38. Bc8 Rd2 39. d7 e4 40. Re8 Rdxd7
41. Bxd7 Rxd7 42. Rxe4 Rd1+ 43. Kf2 Rd2+ 44. Re2 Rxe2+ 45. Kxe2 Kg5 46. Kf2 Kh4
47. Kg2 h6 48. h3 h5 49. Kh2 g5 50. b3 a5 51. a4 b4 52. Kg2 g4 53. hxg4 Kxg4 54.
Kh2 Kf4 55. Kg2 Ke3 56. Kg3 Kd3 57. Kh4 Kc3 58. Kxh5 Kxb3 59. Kh4 Kxa4 60. Kh3
b3 61. Kh2 b2 62. Kh3 b1=Q 63. Kh2 Kb4 64. Kh3 Qg1 65. Kh4 Kc4 66. Kh5 Kd5 67.
Kh4 Ke4 68. Kh5 Kf5 69. Kh4 Qg4# 0-1

[Event "XXV OOM - Mistrzostwa Polski Juniorow Mlodszych - Dziewczeta do lat 12"]
[Site "Sielpia"]
[Date "1899-12-30"]
[Round "9.1"]
[White "Szopa, Emilia"]
[Black "Szczotka, Klara"]
[Result "0-1"]
[WhiteTitle "I+"]
[BlackTitle "I++"]
[WhiteElo "1470"]
[BlackElo "1638"]

1. e4 c5 2. Nf3 e6 3. d4 cxd4 4. Nxd4 Nf6 5. Nc3 d6 6. Bd3 a6 7. O-O b5 8. a3 Bb7
9. Be3 Qc7 10. h3 Nbd7 11. Nb3 Rc8 12. Qd2 Ne5 13. f3 Nfd7 14. Rac1 Nb6 15. Na5
Nbc4 16. Nxc4 Nxc4 17. Bxc4 Qxc4 18. Qd4 Qxd4 19. Bxd4 Rc4 20. Rfd1 f6 21. b3
Rc7 22. Nb1 d5 23. e5 Kf7 24. b4 Be7 25. c3 Rhc8 26. Rd3 Rc6 27. Kf2 fxe5 28.
Bxe5 a5 29. Rcd1 Bf6 30. Bxf6 gxf6 31. Rc1 a4 32. Rd4 R6c7 33. f4 e5 34. Rd3 d4
35. fxe5 fxe5 36. Re1 dxc3 37. Nxc3 Rxc3 38. Rd7+ Kf6 39. Rxb7 Rxa3 40. Rxb5 Ra2+
41. Kf1 Re8 42. Ra5 e4 43. Re2 Ra3 44. b5 e3 45. b6 Rb8 46. Rh5 Kg6 47. Re5 Ra1+
48. Re1 Rf8+ 49. Ke2 Rf2+ 50. Kd3 Rxe1 51. Rb5 Rf8 52. b7 Rb8 53. Ke4 a3 54. Rb6+
Kf7 55. Ra6 Rxb7 56. Rxa3 Re7+ 57. Kf3 Rf1+ 58. Ke2 Rf2+ 59. Ke1 Rxg2 60. Kf1
e2+ 61. Kxg2 e1=Q 62. Rf3+ Ke8 63. Rg3 Re2+ 64. Kf3 Re3+ 65. Kg4 Qxg3+ 66. Kh5
Re5+ 67. Kh6 Qg6# 0-1

[Event "XXV OOM - Mistrzostwa Polski Juniorow Mlodszych - Dziewczeta do lat 12"]
[Site "Sielpia"]
[Date "1899-12-30"]
[Round "9.2"]
[White "Pawicka, Magdalena"]
[Black "Siekanska, Maria"]
[Result "0-1"]
[WhiteTitle "I"]
[BlackTitle "I+"]
[WhiteElo "1748"]
[BlackElo "1509"]

1. Nf3 d5 2. e3 e6 3. c4 c5 4. cxd5 exd5 5. d4 Nc6 6. Nc3 Nf6 7. Be2 Bd6 8. dxc5
Bxc5 9. O-O O-O 10. Nb5 Ne4 11. Nbd4 Re8 12. Bb5 Bd7 13. Nb3 Bg4 14. Nxc5 Nxc5
15. Be2 Bf5 16. a3 Ne4 17. Nd4 Bg6 18. Qa4 Nc5 19. Qd1 Nxd4 20. exd4 Ne6 21. Be3
Qb6 22. Qd2 Rac8 23. Rac1 Qb3 24. Bd1 Qd3 25. Ba4 b5 26. Qxd3 Bxd3 27. Rfd1 Be2
28. Re1 bxa4 29. Rxc8 Rxc8 30. Rxe2 Nxd4 31. Re1 Nb5 32. Kf1 d4 33. Bd2 h6 34.
Rc1 Rxc1+ 35. Bxc1 Kf8 36. Ke2 Ke7 37. Kd3 Kd6 38. Kc4 Kc6 39. Bf4 g5 40. Be5
d3 41. Kxd3 Kd5 42. Bf6 Ke6 43. Bg7 h5 44. Kc4 Nd6+ 45. Kb4 Nf5 46. Bf8 Nh4 47.
g3 Nf3 48. h3 h4 49. gxh4 gxh4 50. Bh6 f6 51. Bf4 Ng1 52. Kxa4 Nxh3 53. Be3 Kf5
54. f3 Ng5 55. Bxa7 Nxf3 56. Bf2 h3 57. Bg3 Kg4 58. Bd6 Ne5 59. b4 h2 60. Bxe5
fxe5 61. b5 h1=Q 62. b6 Qb1 63. Ka5 e4 64. a4 e3 65. b7 e2 66. Ka6 e1=Q 67. a5
Qxa5+ 68. Kxa5 Qxb7 0-1

[Event "XXV OOM - Mistrzostwa Polski Juniorow Mlodszych - Dziewczeta do lat 12"]
[Site "Sielpia"]
[Date "1899-12-30"]
[Round "9.3"]
[White "Bar, Klaudia"]
[Black "Oborska, Magda"]
[Result "1-0"]
[WhiteTitle "I"]
[BlackTitle "I+"]
[WhiteElo "1449"]
[BlackElo "1339"]

1. Nf3 Nf6 2. g3 g6 3. Bg2 Bg7 4. O-O O-O 5. c4 c5 6. d4 cxd4 7. Nxd4 Nc6 8. e4
e5 9. Nb5 Qe7 10. Nc7 Rb8 11. Bg5 Qc5 12. Nd5 Nxd5 13. Qxd5 Qxd5 14. cxd5 Nd8
15. Be7 Re8 16. Bd6 Ra8 17. Na3 a6 18. Nc4 b5 19. Nb6 Nb7 20. Bc7 Ra7 21. Bb8
Ra8 22. Nxa8 Nc5 23. Bd6 Nb7 24. Ba3 Na5 25. Nc7 Rd8 26. Be7 1-0

[Event "XXV OOM - Mistrzostwa Polski Juniorow Mlodszych - Dziewczeta do lat 12"]
[Site "Sielpia"]
[Date "1899-12-30"]
[Round "9.4"]
[White "Lazniewska, Zofia"]
[Black "Seemann, Pola"]
[Result "1-0"]
[WhiteTitle "I"]
[BlackTitle "II+"]
[WhiteElo "1288"]
[BlackElo "1229"]

1. e4 e5 2. Nf3 Nc6 3. Bc4 Nf6 4. d3 Bc5 5. c3 O-O 6. O-O h6 7. h3 a6 8. b4 Ba7
9. Re1 d6 10. Nbd2 Ne7 11. Bb3 Ng6 12. Nf1 Nh5 13. d4 Qe7 14. Ne3 c6 15. Nf5 Qf6
16. dxe5 dxe5 17. Qd6 Bxf5 18. Qxf6 Nxf6 19. exf5 Ne7 20. Rxe5 Ned5 21. Bb2 Nf4
22. Bc4 b5 23. Bf1 Rae8 24. Rae1 Bb6 25. Rxe8 Rxe8 26. Rxe8+ Nxe8 27. Ne5 c5 28.
Nd7 Ba7 29. Nxc5 Nd6 30. Nxa6 Nd5 31. Nc5 Ne7 32. g4 h5 33. Kg2 hxg4 34. hxg4
Nc6 35. f3 Ne5 36. Kg3 Kf8 37. Bc1 Ke7 38. Be2 Kd8 39. Bf4 Nec4 40. Bxd6 Nxd6
41. Ne4 Nc4 42. Bxc4 bxc4 43. Nd2 Bb8+ 44. Kg2 Be5 45. Nxc4 Bxc3 46. Na5 Kc7 47.
a3 Bb2 48. Nc4 Bc1 49. a4 Bg5 50. b5 Be7 51. Kf1 Bb4 52. Ke2 Kd7 53. Kd3 Ke7 54.
Ke4 Kd7 55. Kd5 f6 56. a5 Kc7 57. a6 Kb8 58. Kc6 Ka7 59. Nd6 Ba5 60. Nc4 Bb4 61.
Kc7 Bc5 62. b6+ Bxb6+ 63. Nxb6 Kxa6 64. Nd5 Kb5 65. Nxf6 gxf6 66. Kd6 Kb6 67.
Ke6 Kc7 68. Kxf6 Kd6 69. Kg7 Ke5 70. f6 Kf4 71. f7 Kg5 72. f8=Q Kh4 73. Kf6 Kg3
74. g5 Kxf3 75. g6 Kg4 76. Ke5 Kh5 77. g7 Kh4 78. g8=R Kh5 79. Qf5+ Kh4 80. Qh7#
1-0

[Event "XXV OOM - Mistrzostwa Polski Juniorow Mlodszych - Dziewczeta do lat 12"]
[Site "Sielpia"]
[Date "1899-12-30"]
[Round "9.5"]
[White "Kulczycka, Zofia"]
[Black "Tokarz, Izabela"]
[Result "0-1"]
[WhiteTitle "II+"]
[BlackTitle "I"]
[WhiteElo "1222"]
[BlackElo "1390"]

1. e4 c5 2. Nf3 d6 3. d4 cxd4 4. Nxd4 Nf6 5. Nc3 g6 6. Be3 Bg7 7. f3 O-O 8. Qd2
Nc6 9. g4 Nxd4 10. Bxd4 Be6 11. h4 d5 12. h5 dxe4 13. hxg6 fxg6 14. O-O-O exf3
15. Qh2 Qd6 16. Be5 Qc5 17. Bxf6 Rxf6 18. Kb1 Qe3 19. Bd3 f2 20. g5 Qxg5 21. Ne4
Qf4 22. Nxf6+ Qxf6 23. c3 Bf5 24. Rhf1 Rd8 25. Kc2 Bxd3+ 26. Rxd3 Rxd3 27. Kxd3
Qf3+ 28. Kd2 Qd5+ 29. Kc2 Qe4+ 30. Kd2 Bf6 31. Qxf2 Bg5+ 32. Kd1 Qd3+ 33. Ke1
Qb1+ 34. Ke2 Qxb2+ 35. Kd3 Qb5+ 36. Kc2 Bf6 37. Qe1 Qa4+ 38. Kb1 Qb5+ 39. Kc2
Qc4 40. Kb2 b5 41. Rxf6 exf6 42. Qe8+ Kg7 43. Qd7+ Qf7 44. Qxb5 Qc7 45. c4 Qh2+
46. Kb3 h5 47. Qd7+ Kh6 48. Qxa7 h4 49. Qe3+ g5 50. Qe6 Qf4 51. c5 Qf3+ 52. Kb4
h3 53. c6 Qf4+ 54. Kb5 h2 55. Qh3+ Qh4 56. Qxh4+ gxh4 57. c7 h1=Q 58. c8=Q Qb1+
59. Ka6 Qxa2+ 60. Kb7 Qb3+ 61. Ka7 Qa4+ 62. Kb8 Qb5+ 63. Ka8 Qd5+ 64. Kb8 Qe5+
65. Ka8 Kg5 66. Qc1+ Kg4 67. Qd1+ Kg3 68. Qg1+ Kf4 69. Qc1+ Qe3 70. Qc7+ Kf3 71.
Qf7 Qe4+ 72. Kb8 Qf4+ 73. Kc8 h3 74. Qb3+ Kg2 75. Qc2+ Kg3 76. Qb3+ Kh4 77. Qc2
h2 78. Qh7+ Kg3 79. Kd8 Qb8+ 0-1

[Event "XXV OOM - Mistrzostwa Polski Juniorow Mlodszych - Dziewczeta do lat 12"]
[Site "Sielpia"]
[Date "1899-12-30"]
[Round "9.6"]
[White "Niedorys, Karolina"]
[Black "Salamon, Julia"]
[Result "1-0"]
[WhiteTitle "II"]
[BlackTitle "I"]
[WhiteElo "1129"]
[BlackElo "1287"]

1. e4 c5 2. Nf3 Nc6 3. d4 cxd4 4. Nxd4 Qb6 5. Nxc6 bxc6 6. Bd3 g6 7. O-O Bg7 8.
Nc3 d6 9. Qf3 Nf6 10. h3 O-O 11. Rb1 Rb8 12. Bg5 Qc7 13. Rfe1 a6 14. Bf4 e5 15.
Bg5 Qe7 16. Qe2 a5 17. Qf3 Be6 18. Qe2 Qd8 19. Bc4 Qb6 20. Bxe6 fxe6 21. Bxf6
Bxf6 22. Qg4 Rbe8 23. Red1 d5 24. Rd3 Bg7 25. Rf3 Rxf3 26. gxf3 Qc7 27. b3 Qf7
28. Na4 Qe7 29. Qg2 Rf8 30. Qg3 Qf7 31. Kg2 Bh6 32. Nc5 Bf4 33. Qg4 Re8 34. h4
Qe7 35. Nd3 Qf8 36. b4 axb4 37. Rxb4 Qe7 38. Rb1 Qf7 39. a4 Re7 40. Ra1 Qf6 41.
a5 Qf7 42. a6 Ra7 43. Nc5 h5 44. Qxe6 Qxe6 45. Nxe6 d4 46. Nd8 c5 47. Nc6 Ra8
48. a7 c4 49. Rb1 Kf7 50. Rb8 Rxa7 51. Nxa7 d3 52. cxd3 cxd3 53. Rb1 Ke6 54. Nb5
Kd7 55. Rd1 Kc6 56. Na3 d2 57. Nb1 Kd6 58. Nxd2 Ke6 59. Nc4 Kf7 60. Rd6 Kg7 61.
Re6 Kf7 62. Rxe5 Bxe5 63. Nxe5+ Kf6 64. Nd3 Ke6 65. f4 Kf6 66. Kf3 Ke6 67. Ke3
Kd5 1-0

[Event "XXV OOM - Mistrzostwa Polski Juniorow Mlodszych - Dziewczeta do lat 12"]
[Site "Sielpia"]
[Date "1899-12-30"]
[Round "9.7"]
[White "Pietryk, Joanna"]
[Black "Mazurek, Maja"]
[Result "1-0"]
[WhiteTitle "I"]
[BlackTitle "I"]
[WhiteElo "1110"]
[BlackElo "1283"]

1. e4 d5 2. exd5 Qxd5 3. Nc3 Qd6 4. d4 Nf6 5. Nf3 c6 6. Ne5 Bf5 7. g4 Be4 8. f3
Bd5 9. Bf4 Qb4 10. Nd3 Qxd4 11. h3 Nbd7 12. Qe2 Bc4 13. Be3 Bxd3 14. Bxd4 Bxe2
15. Bxe2 e5 16. Bf2 O-O-O 17. Bc4 Bb4 18. Bxf7 Rhf8 19. Be6 Nd5 20. Bxd5 cxd5
21. Ke2 Bxc3 22. bxc3 Kc7 23. Rab1 Nb6 24. Bxb6+ axb6 25. Rb5 Rfe8 26. Rd1 d4
27. cxd4 exd4+ 28. Kf2 Rf8 29. Kg3 Rf7 30. h4 h6 31. Rb4 Rfd7 32. Rc4+ Kb8 33.
g5 h5 34. Rd3 g6 35. c3 dxc3 36. Rxd7 Rxd7 37. Rxc3 Rd6 38. f4 Rc6 39. Rxc6 bxc6
40. f5 1-0

[Event "XXV OOM - Mistrzostwa Polski Juniorow Mlodszych - Dziewczeta do lat 12"]
[Site "Sielpia"]
[Date "1899-12-30"]
[Round "9.8"]
[White "Sprzeczka, Emilia"]
[Black "Nieckarz, Maja"]
[Result "1-0"]
[WhiteTitle "II+"]
[BlackTitle "I"]
[WhiteElo "1109"]
[BlackElo "1248"]

1. e4 c5 2. Nf3 Nc6 3. d4 cxd4 4. Nxd4 Nf6 5. Nc3 e5 6. Nf3 Bb4 7. Bd3 d5 8. exd5
Nxd5 9. Bd2 Bxc3 10. Bxc3 Nxc3 11. bxc3 O-O 12. O-O Be6 13. Re1 f6 14. Qe2 Rc8
15. Rab1 Qc7 16. Bc4 Bxc4 17. Qxc4+ Qf7 18. Qxf7+ Rxf7 19. Red1 Na5 20. Rb5 b6
21. h3 g6 22. Rbd5 Rxc3 23. Rd8+ Kg7 24. R1d7 Rxc2 25. Rxf7+ Kxf7 26. Rd7+ Kg8
27. Rxa7 Rxa2 28. Ra8+ Kg7 29. Ra7+ Kh6 30. g4 e4 31. Nd4 Ra3 32. Kg2 e3 33. fxe3
Rxe3 34. Nf3 Re4 35. Kg3 g5 36. h4 gxh4+ 37. Nxh4 Nc4 38. Nf5+ Kg6 39. Rg7# 1-0

[Event "XXV OOM - Mistrzostwa Polski Juniorow Mlodszych - Dziewczeta do lat 12"]
[Site "Sielpia"]
[Date "1899-12-30"]
[Round "9.9"]
[White "Szewczuk, Aleksandra"]
[Black "Grzesik, Nikola"]
[Result "0-1"]
[WhiteTitle "II+"]
[BlackTitle "I"]
[WhiteElo "1196"]
[BlackElo "1339"]

1. e4 c5 2. Nf3 e6 3. d4 cxd4 4. Nxd4 a6 5. Bd3 Qc7 6. O-O Nc6 7. Nxc6 bxc6 8.
Qe2 Nf6 9. Nc3 d6 10. Re1 e5 11. Bg5 Be7 12. Rad1 O-O 13. Bxf6 Bxf6 14. Qf3 Bb7
15. Bc4 Rfd8 16. Re3 Rab8 17. Bb3 a5 18. Red3 Ba6 19. R3d2 Bg5 20. Qf5 Bxd2 21.
Rxd2 Qd7 22. Qh5 g6 23. Qf3 Kg7 24. Na4 Qc7 25. g4 Bb5 26. Nc3 Qe7 27. h3 Qf6
28. Qxf6+ Kxf6 29. Kh2 Ke7 30. Kg3 Rf8 31. f3 h6 32. Ba4 Bxa4 33. Nxa4 f5 34.
Re2 fxe4 35. Rxe4 Rb4 36. Rxb4 axb4 37. b3 g5 38. Nb2 Ra8 39. Na4 Ra6 40. Kf2
Ke6 41. Ke3 c5 42. Kd3 Ra5 43. c4 Ra8 44. Ke4 Rf8 45. Nb2 Rf4+ 46. Ke3 e4 47.
fxe4 Rf1 48. Nd3 Ra1 49. e5 Rxa2 50. exd6 Kxd6 51. Nc1 Rh2 52. Ke4 Rxh3 53. Kf5
Rc3 54. Na2 Rxb3 55. Kg6 Rh3 56. Nc1 b3 57. Nxb3 Rxb3 58. Kxh6 Rc3 59. Kxg5 Rxc4
60. Kf5 Rc1 61. g5 c4 62. Kf6 c3 63. g6 c2 64. Kf7 Rf1+ 65. Kg8 c1=Q 66. g7 Rh1
67. Kf7 Qf4+ 68. Kg8 Rg1 69. Kh7 Rxg7+ 70. Kxg7 Ke7 71. Kg6 Qf6+ 72. Kh5 Qg7 73.
Kh4 Kf6 74. Kh3 Kf5 75. Kh2 Kf4 76. Kh1 Kf3 77. Kh2 Qg2# 0-1

[Event "XXV OOM - Mistrzostwa Polski Juniorow Mlodszych - Dziewczeta do lat 12"]
[Site "Sielpia"]
[Date "1899-12-30"]
[Round "9.10"]
[White "Ziobrowska, Maja"]
[Black "Roszkiewicz, Zofia"]
[Result "0-1"]
[WhiteTitle "II+"]
[BlackTitle "I"]
[WhiteElo "1134"]
[BlackElo "1444"]

1. e4 c5 2. Nc3 Nc6 3. Nf3 e6 4. Bc4 Nge7 5. d4 cxd4 6. Nxd4 Nxd4 7. Qxd4 Nc6 8.
Qd1 Be7 9. Be3 O-O 10. O-O a6 11. f4 b5 12. Bd3 Bb7 13. a3 Qc7 14. e5 d6 15. exd6
Bxd6 16. Ne4 Be7 17. Nc5 Bxc5 18. Bxc5 Rfd8 19. Be3 Rd7 20. Qe1 Rad8 21. Qf2 Rc8
22. Rad1 Ne7 23. Bc5 Kh8 24. Bxh7 Rxd1 25. Rxd1 Qxc5 26. Qxc5 Rxc5 27. Rd7 Kxh7
28. Rxb7 Nd5 29. Rxf7 Rxc2 30. Ra7 Nxf4 31. Rxa6 Rxg2+ 32. Kh1 Rxb2 33. Kg1 Kh6
34. Rb6 Kh5 35. a4 Kg4 36. Rxb5 Rxb5 37. axb5 Nd5 38. Kf2 Kf4 39. Kg2 e5 40. Kf2
e4 41. h3 e3+ 42. Ke1 Kf3 43. h4 e2 44. h5 Ke3 45. b6 Nf4 46. b7 Nd3# 0-1

[Event "XXV OOM - Mistrzostwa Polski Juniorow Mlodszych - Dziewczeta do lat 12"]
[Site "Sielpia"]
[Date "1899-12-30"]
[Round "9.11"]
[White "Pudelko, Magdalena"]
[Black "Nowak, Zuzanna"]
[Result "1-0"]
[WhiteTitle "I"]
[BlackTitle "I"]
[WhiteElo "1371"]
[BlackElo "1081"]

1. e4 e5 2. Nf3 Nc6 3. Bc4 Nf6 4. d3 Be7 5. c3 d6 6. Nbd2 O-O 7. Nf1 h6 8. Ne3
Re8 9. Qb3 Na5 10. Bxf7+ Kf8 11. Qa4 Kxf7 12. Qxa5 Kg8 13. Nd5 Nxd5 14. Qxd5+
Kh8 15. Be3 c6 16. Qb3 Bf6 17. h3 d5 18. exd5 cxd5 19. d4 exd4 20. cxd4 Qa5+ 21.
Qc3 Qb6 22. O-O Bf5 23. Rac1 Qe6 24. Rfe1 Be4 25. Nd2 Rac8 26. Qb3 Qf5 27. Nxe4
Rxc1 28. Rxc1 Qxe4 29. Rd1 b6 30. Qa4 Re7 31. Qb3 Rc7 32. Qd3 Qe7 33. Qd2 Kh7
34. Rc1 Rxc1+ 35. Qxc1 Qd7 36. Qc2+ Kh8 37. Qg6 Qe7 38. Qh5 Qe6 39. g4 Kg8 40.
Qg6 Kf8 41. h4 Qe7 42. g5 hxg5 43. hxg5 Bxg5 44. Qxg5 Qb4 45. Qd8+ Kf7 46. Qxd5+
Kg6 47. Qe6+ Kh7 48. Qb3 Qd6 49. Qd3+ Kg8 50. d5 Kf7 51. Qf5+ Kg8 52. Qe6+ Qxe6
53. dxe6 Kf8 54. Bg5 Ke8 55. Kf1 Kf8 56. Ke2 Ke8 57. Kd3 Kf8 58. Kd4 Ke8 59. Kd5
g6 60. a4 a6 61. b4 b5 62. a5 Kf8 63. Kd6 Ke8 64. e7 Kf7 65. Kd7 Kg7 66. e8=Q
Kh7 67. Qf7+ Kh8 68. Bf6# 1-0

[Event "XXV OOM - Mistrzostwa Polski Juniorow Mlodszych - Dziewczeta do lat 12"]
[Site "Sielpia"]
[Date "1899-12-30"]
[Round "9.12"]
[White "Palejko, Maria"]
[Black "Slusarczyk, Anna"]
[Result "0-1"]
[WhiteTitle "I"]
[BlackTitle "I"]
[WhiteElo "1238"]
[BlackElo "1347"]

1. e4 c5 2. Nf3 e6 3. d4 cxd4 4. Nxd4 a6 5. c4 Nf6 6. Nc3 Bb4 7. Qf3 Bxc3+ 8. bxc3
Qa5 9. Nb3 Qe5 10. Nd2 d5 11. Qe3 dxe4 12. Nf3 Qd6 13. Nd4 e5 14. Nb3 Bg4 15.
Bb2 O-O 16. Be2 Bxe2 17. Qxe2 Qd3 18. Rd1 Qxe2+ 19. Kxe2 Nc6 20. h3 Rad8 21. Ba3
Rfe8 22. Bb4 Nh5 23. g3 b6 24. Ke3 f5 25. g4 fxg4 26. hxg4 Nf6 27. g5 Ng4+ 28.
Ke2 Rd3 29. Rhg1 Red8 30. Rc1 Nh2 31. g6 h6 32. Rcd1 Nf3 33. Rxd3 Nxg1+ 34. Kf1
exd3 35. Kxg1 d2 36. Nxd2 Rxd2 37. Kg2 e4 38. Kg3 h5 39. a4 h4+ 40. Kxh4 Rxf2
41. Bd6 e3 42. Bg3 Rf1 43. c5 bxc5 44. c4 e2 45. a5 Rh1+ 46. Kg4 Rg1 47. Kh5 Rxg3
48. Kh4 e1=Q 49. Kh5 0-1